000 00529nam a22002057a 4500
003 OSt
005 20220107122747.0
008 140526b xxu||||| |||| 00| 0 eng d
020 _a9780593072523
040 _cIIITM-K
082 _a920.953 HAW/M
100 _aHawking, Stephen
_95326
245 _aMy brief history:
_bA memoir
_cby Stephen Hawking
260 _aGreat Britain,
_bBantam Press,
_c2013.
300 _a126p.
650 _aBIOGRAPHY
_95327
650 _aMEMOIR
_95328
650 _aPHYSICS
_95329
942 _2ddc
_cBK
999 _c4214
_d4214